|
|
|
|
| LEADER |
00000nam0a2200000 4500 |
| 001 |
251034 |
| 005 |
20231101232623.0 |
| 035 |
|
|
|a (RuTPU)RU\TPU\book\273277
|
| 090 |
|
|
|a 251034
|
| 100 |
|
|
|a 20140218d1952 km y0rusy50 ca
|
| 101 |
0 |
|
|a rus
|
| 102 |
|
|
|a RU
|
| 105 |
|
|
|a y z 000zy
|
| 200 |
1 |
|
|a Квантовая теория поля (избранные вопросы)
|f А. Соколов, Д. Иваненко
|
| 210 |
|
|
|a Москва
|a Ленинград
|c Гостехиздат
|d 1952
|
| 215 |
|
|
|a 780 с.
|c ил.
|
| 606 |
1 |
|
|a Квантовая теория поля
|2 stltpush
|3 (RuTPU)RU\TPU\subj\14222
|9 40678
|
| 610 |
1 |
|
|a волновые уравнения
|
| 610 |
1 |
|
|a скобки Пуассона
|
| 610 |
1 |
|
|a квантование
|
| 610 |
1 |
|
|a уравнения Максвелла
|
| 610 |
1 |
|
|a тензорная размерность
|
| 610 |
1 |
|
|a функции Лангранжа
|
| 610 |
1 |
|
|a заряженные частицы
|
| 610 |
1 |
|
|a электромагнитное поле
|
| 610 |
1 |
|
|a взаимодействие
|
| 610 |
1 |
|
|a излучение
|
| 610 |
1 |
|
|a фотоэффекты
|
| 610 |
1 |
|
|a формула Брейта
|
| 610 |
1 |
|
|a эффект Черенкова
|
| 610 |
1 |
|
|a затухание
|
| 610 |
1 |
|
|a позитроны
|
| 610 |
1 |
|
|a электронно-позитронный вакуум
|
| 610 |
1 |
|
|a теория Лоренца
|
| 610 |
1 |
|
|a вещество
|
| 610 |
1 |
|
|a пространство
|
| 610 |
1 |
|
|a время
|
| 610 |
1 |
|
|a тяготение
|
| 610 |
1 |
|
|a изотопическое смещение
|
| 675 |
|
|
|a 530.145
|v 3
|
| 700 |
|
1 |
|a Соколов
|b А.
|
| 701 |
|
1 |
|a Иваненко
|b Д.
|
| 801 |
|
1 |
|a RU
|b 63413507
|c 20140218
|
| 801 |
|
2 |
|a RU
|b 63413507
|c 20210602
|g RCR
|
| 942 |
|
|
|c BK
|